000 00429nam a22001577a 4500
005 20251108165223.0
008 250721s1987 xx 000 0 ara d
082 1 4 _a612/سعي
100 1 _aالدجاني، سعيد
245 1 0 _aحوار مع أعضاء الجسم /
264 1 _aبيروت :
_bدار الأندلس،
_c1987.
300 _a154ص
650 1 7 _aالفسيولوجيا
942 _2ddc
_cBK
999 _c22468
_d22468